Belgique - Communes de la Province de Hainaut - Statistiques

Statistiques générales
  • Ce quiz a été pris 900 fois
  • Le résultat moyen est 32 sur 69
Réponses sur la Carte
Les réponses sont colorées sur une échelle allant du rouge au vert en fonction du pourcentage des utilisateurs qui les ont devinées à leur premier essai. Vous pouvez retrouver ces pourcentages ci-dessous.
 
Statistiques - réponses
Communes % Correct
Mons
96%
Charleroi
95%
Tournai
91%
La Louvière
81%
Mouscron
79%
Ath
75%
Chimay
72%
Binche
70%
Soignies
66%
Péruwelz
58%
Thuin
58%
Enghien
55%
Comines-Warneton
54%
Dour
53%
Saint-Ghislain
53%
Châtelet
52%
Braine-le-Comte
51%
Courcelles
50%
Leuze-en-Hainaut
50%
Fleurus
49%
Jurbise
49%
Antoing
47%
Beaumont
47%
Boussu
47%
Belœil
46%
Brugelette
46%
Erquelinnes
46%
Frameries
46%
Quaregnon
46%
Lessines
45%
Manage
45%
Quévy
45%
Quiévrain
45%
Anderlues
44%
Bernissart
44%
Seneffe
44%
Le Rœulx
43%
Morlanwelz
43%
Silly
43%
Gerpinnes
42%
Chièvres
41%
Colfontaine
41%
Celles
39%
Estinnes
39%
Estaimpuis
38%
Farciennes
38%
Fontaine-l'Évêque
38%
Lens
38%
Lobbes
38%
Pecq
38%
Pont-à-Celles
38%
Ecaussines
37%
Ellezelles
37%
Momignies
37%
Chapelle-lez-Herlaimont
36%
Frasnes-lez-Anvaing
36%
Froidchapelle
36%
Brunehaut
35%
Flobecq
35%
Mont-de-l'Enclus
35%
Rumes
35%
Hensies
34%
Sivry-Rance
34%
Ham-sur-Heure-Nalinnes
31%
Honnelles
31%
Aiseau-Presles
30%
Les Bons Villers
30%
Merbes-le-Château
30%
Montigny-le-Tilleul
29%
Aucun quiz correspondant
Distribution des résultats
% des personnes avec chaque résultat
Percentile par nombre de réponses
Votre historique - résultats
Vous n’avez pas pris ce quiz